Unitat espiritual d'Europa / (Record no. 176493)

MARC details
000 -LEADER
campo de control de longitud fija 00663nam a22002175i 4500
001 - NÚMERO DE CONTROL
campo de control 176493
003 - IDENTIFICADOR DE NÚMERO DE CONTROL
campo de control ES-MaACL
005 - FECHA Y HORA DE LA ÚLTIMA TRANSACCIÓN
campo de control 20240527155933.0
008 - DATOS DE LONGITUD FIJA--INFORMACIÓN GENERAL
campo de control de longitud fija 110119s1959 sp a |||| | ita d
080 ## - NÚMERO DE LA CLASIFICACIÓN DECIMAL UNIVERSAL
Número de la Clasificación Decimal Universal 341.232(4):061.1
245 00 - MENCIÓN DEL TÍTULO
Título Unitat espiritual d'Europa /
Mención de responsabilidad, etc. Pius XII ... [et al.].
260 ## - PUBLICACIÓN, DISTRIBUCIÓN, ETC.
Lugar de publicación, distribución, etc. Sarrià (Barcelona) :
Nombre del editor, distribuidor, etc. Editorial Franciscana,
Fecha de publicación, distribución, etc. 1959.
300 ## - DESCRIPCIÓN FÍSICA
Extensión 158 p. :
Otras características físicas il. bl. y n. ;
Dimensiones 18 cm.
490 1# - MENCIÓN DE SERIE
Mención de serie Critèrion ;
Designación de volumen o secuencia 1
546 ## - NOTA DE IDIOMA
Nota de lengua/lenguaje Texto en italiano.
651 00 - PUNTO DE ACCESO ADICIONAL DE MATERIA--NOMBRE GEOGRÁFICO
Nombre geográfico
9 (RLIN) 236688
700 0# - ENTRADA AGREGADA--NOMBRE PERSONAL
Nombre de persona Pío
Numeración XII,
Títulos y otros términos asociados al nombre Papa.
9 (RLIN) 92302
830 0# - PUNTO DE ACCESO ADICIONAL DE SERIE-TÍTULO UNIFORME
Título uniforme Critèrion ;
Designación de volumen o secuencia 1
9 (RLIN) 190117
852 ## - LOCALIZACIÓN
Ubicación ES-MaACL
Número de control de estantería E-14095
Encuadernación Olim P-735
Holdings
Estatus retirado Estado de pérdida Estado de daño No para préstamo Biblioteca de origen Biblioteca actual Ubicación en estantería Fecha de adquisición Fuente de adquisición Total de préstamos Signatura topográfica completa Código de barras Visto por última vez Precio de reemplazo Tipo de ítem Koha
        Biblioteca del Ateneo de Madrid Biblioteca del Ateneo de Madrid Depósito 2 19/01/2011     E-14095 1185354 23/02/2023 23/02/2023 Libro impreso